La Ira

Сохранить в:
Библиографические подробности
Главный автор: Séneca, Lucio Anneo (Автор)
Формат:
Язык:испанский
Опубликовано: Buenos Aires TOR 1960
Серии:Nueva Biblioteca Filosófica, 76
Предметы:
Метки: Добавить метку
Нет меток, Требуется 1-ая метка записи!

MARC

LEADER 00000nam a2200000 a 4500
001 UCH5333
003 CL-VaPUC
008 091014e19600000AG |||||||||||||||||spa|d
082 0 4 |a 188  |b SEN  |2 21 
100 |a Séneca, Lucio Anneo  |e author  |9 313328 
245 1 3 |a La Ira 
300 |a 127 p 
942 |c BK 
945 |d 20091014 00:00:00  |a ccalabra 
260 |a Buenos Aires  |b TOR  |c 1960 
650 0 |a Filosofía   |9 223554 
650 0 |a Filosofía italiana  |9 265241 
650 7 |a DRAMA ITALIANO  |2 CL-VaPUC  |9 345074 
650 0 |a Literatura italiana  |9 266970 
650 0 |a Filosofía antigua   |9 255705 
650 0 |a Ética  |9 255099 
650 7 |a ESTOICISMO  |2 CL-VaPUC  |9 541618 
651 0 |a Italia  |9 254949 
583 |a last modification  |c 20091014 00:00:00  |k Rodrigo Vera 
490 0 |a Nueva Biblioteca Filosófica, 76 
999 |c 336496  |d 336494